000 00272nam a2200121Ia 4500
008 190415s9999 xx 000 0 und d
082 _aRL.0002
100 _aLal, Mukund
245 0 _aFinances of Banaras Hindu University
260 _c0
300 _a462p.
942 _cBK
999 _c14148
_d14148